1859 magenta and solfrino (Record no. 552011)

000 -LEADER
fixed length control field 00364nam a22001337a 4500
082 ## - DEWEY DECIMAL CLASSIFICATION NUMBER
Classification number 355.009
Author Mark WYL
100 ## - MAIN ENTRY--PERSONAL NAME
Personal name Wylly, H.C
9 (RLIN) 49198
245 ## - TITLE STATEMENT
Title 1859 magenta and solfrino
Statement of responsibility, etc. Wylly, H.C
260 ## - PUBLICATION, DISTRIBUTION, ETC.
Place of publication, distribution, etc. New York
Name of publisher, distributor, etc. The macmillan company
Date of publication, distribution, etc. 1907
300 ## - PHYSICAL DESCRIPTION
Extent 233p.:
Other physical details ill,;
Dimensions 15 cm.
526 ## - STUDY PROGRAM INFORMATION NOTE
Program name 0
Interest level 0
Reading level 0
Title point value 355_009000000000000_WYL
650 ## - SUBJECT ADDED ENTRY--TOPICAL TERM
Topical term or geographic name entry element MCE
9 (RLIN) 379
942 ## - ADDED ENTRY ELEMENTS (KOHA)
Source of classification or shelving scheme
Koha item type Book
Holdings
Withdrawn status Lost status Source of classification or shelving scheme Damaged status Not for loan Permanent Location Current Location Date acquired Total Checkouts Full call number Barcode Date last seen Price effective from Koha item type
          Military College of Engineering (MCE) Military College of Engineering (MCE) 01/06/2015   355.009 WYL MCE-ECC/68 01/06/2015 03/14/2021 Book
© 2023 Central Library, National University of Sciences and Technology. All Rights Reserved.